| 000 -ლიდერი |
| ფიქსირებული სიგრძის საკონტროლო ველი |
01742nam a22002657a 4500 |
| 003 - საკონტროლო ნომრის იდენტიფიკატორი |
| საკონტროლო ველი |
Ge_BSU |
| 005 - ბოლო ოპერაციის თარიღი და დრო |
| საკონტროლო ველი |
20230615174817.0 |
| 008 - ფიქსირებული სიგრძის მონაცემთა ელემენტები - ზოგადი ინფორმაცია |
| ფიქსირებული სიგრძის საკონტროლო ველი |
230615s2016 ge ||||| |||| 00| 0 geo d |
| 020 ## - წიგნის საერთაშორისო სტანდარტული ნომერი |
| International Standard Book Number |
9789941941238 |
| 041 ## - ენის კოდი |
| Language code of text/sound track or separate title |
geo |
| 080 ## - უნივერსალური ათობითი კლასიფიკაციის ინდექსი |
| Universal Decimal Classification number |
821.353.1-91-13 ვ-43 |
| 245 ## - ცნობა სათაურის შესახებ |
| Title |
"ვეფხისტყაოსნის" უცნობი ხალხური ვერსია / |
| Statement of responsibility, etc |
ტექსტები კახეთში ჩაიწერა და გამოსაც. მოამზადა ბიძინა ნანობაშვილმა; რედაქტორი ალექსანდრე ნონეშვილი; დიზაინი ირმა ლიპარტელიანი. |
| 264 ## - წარმოების, გამოცემის, დისტრიბუციის და სხვა ცნობები |
| გამოცემის, წარმოების, დისტრიბუციის... ადგილი |
თბილისი : |
| გამოცემის, წარმოების, დისტრიბუციის... სახელწოდება |
AUREUS, |
| გამოცემის, წარმოების, დისტრიბუციის... თარიღი |
2016. |
| 300 ## - ფიზიკური აღწერა |
| Extent |
120 გვ. ; |
| Other physical details |
20 სმ. |
| 500 ## - ზოგადი შენიშვნა |
| General note |
გარეკანზე: მიხაი ზიჩის ილუსტრაცია. |
| 501 ## - შენიშვნა თანმხლებ მასალაზე |
| With note |
ეძღვნება შოთა რუსთაველის დაბადებიდან 850 წლის იუბილეს. |
| 504 ## - BIBLIOGRAPHY, ETC. NOTE |
| Bibliography, etc |
ბიბლიოგრაფია: გვ. 116-120. |
| 653 ## - INDEX TERM--UNCONTROLLED |
| Uncontrolled term |
რუსთაველი, შოთა |
| 653 ## - INDEX TERM--UNCONTROLLED |
| Uncontrolled term |
ქართველი სახალხო მთქმელები. |
| 653 ## - INDEX TERM--UNCONTROLLED |
| Uncontrolled term |
ვეფხისტყაოსნის ხალხური ვერსია. |
| 700 ## - ADDED ENTRY--PERSONAL NAME |
| Personal name |
ნანობაშვილი, ბიძინა. |
| Relator term |
ავტორი |
| 9 (RLIN) |
18750 |
| 700 ## - ADDED ENTRY--PERSONAL NAME |
| Relator code |
|
| Personal name |
ნონეშვილი, ალექსანდრე |
| Relator term |
რედაქტორი |
| 9 (RLIN) |
18751 |
| 700 ## - ADDED ENTRY--PERSONAL NAME |
| Personal name |
ლიპარტელიანი, ირმა |
| Relator term |
დიზაინერი |
| 9 (RLIN) |
18752 |
| 942 ## - ADDED ENTRY ELEMENTS (KOHA) |
| Source of classification or shelving scheme |
|
| Koha item type |
წიგნი |